000 00653nam a2200181Ia 4500
008 151018s9999 xx 000 0 und d
082 _bRBASDV16979
_a891.463
100 _aवालचंद्र नालचंद्र शहा
245 _aसम्राट अशोक
250 _b5
260 _bसुरस प्रकाशन पंजाब
_c1982
300 _a352
600 _aवालचंद्र नालचंद्र शहा
630 _aसम्राट अशोक
700 _aवालचंद्र नालचंद्र शहा
730 _aसम्राट अशोक
942 _cBOOK
999 _c1017665
_d1017662